|
|
|
|
| LEADER |
00000nab a2200000 a 4500 |
| 001 |
vtls011551711 |
| 003 |
SK-MaSNL |
| 005 |
20260303224417.0 |
| 008 |
160511c2016 xo |z 0 0slo |
| 038 |
|
|
|a KEVKJB
|
| 040 |
|
|
|a KEVKJB
|b slo
|c KEVKJB
|e AACR2
|
| 041 |
0 |
|
|a slo
|
| 044 |
|
|
|a xo
|c SK
|
| 080 |
|
|
|a 069:7
|2 2011
|
| 245 |
0 |
0 |
|a Múzeum Vojtecha Löfflera úspešne bilancuje rok 2015
|c [autor] (red)
|
| 300 |
|
|
|b Fotogr.
|
| 610 |
2 |
7 |
|a Múzeum Vojtecha Löfflera
|2 kevkjb
|9 234955
|
| 648 |
|
7 |
|a 2015
|2 kevkjb
|9 337775
|
| 650 |
0 |
7 |
|a výstavy
|2 kevkjb
|9 2780
|
| 651 |
|
7 |
|a Košice (Slovensko)
|2 kevkjb
|9 18694
|
| 651 |
|
7 |
|a Staré Mesto (Košice I, Slovensko)
|2 kevkjb
|9 160203
|
| 773 |
0 |
|
|t Staromestské listy
|g Roč. 14, č. 1 (2016), s. 4
|x 1338-7197
|
| 852 |
|
|
|a KEVKJB
|b KIS3GCP
|
| 999 |
|
|
|c 2252113
|d 2254043
|